LEADER 01135nam2-2200373---450- 001 990002822340203316 005 20061004112145.0 010 $a88-216-1118-3 035 $a000282234 035 $aUSA01000282234 035 $a(ALEPH)000282234USA01 035 $a000282234 100 $a20061004h2002----km-y0itaa50------ba 101 0 $aita 102 $aIT 105 $aa|||z|||001yy 200 1 $a<<2.>> : Dominante e Riviere, Regno di Corsica, 1528-1699$fcon un saggio di Claudio Donati 210 $aMilano$cF. M. Ricci$dcopyr. 2002 215 $a299 p.$cill.$d27 cm 225 2 $aSignorie & principati 300 $aIn custodia 410 0$12001$aSignorie & principati 461 1$1001000282227$12001$aRepubblica di Genova 606 0 $aGenova $zSec. 14.-17. 676 $a945.18 702 1$aDONATI,$bClaudio 801 0$aIT$bsalbc$gISBD 912 $a990002822340203316 951 $aX.2.A. 451/9.2$b52464 G.$cX.2.$d00118904 959 $aBK 969 $aUMA 979 $aANNAMARIA$b90$c20061004$lUSA01$h1121 996 $aDominante e Riviere, Regno di Corsica, 1528-1699$9994300 997 $aUNISA LEADER 01329cam0-22003851i-450 001 990006064300403321 005 20250408122828.0 035 $a000606430 035 $aFED01000606430 035 $a(Aleph)000606430FED01 035 $a000606430 100 $a20000112e19681947km-y0itay50------ba 101 0 $aita 102 $aIT 105 $ay-------001yy 200 1 $a<>bolli laterizi e la storia edilizia romana$econtributi all'archeologia e alla storia romana$fHerbert Bloch 205 $aEdizione anastatica 210 $aRoma$cL'Erma di Bretschneider$d1968 215 $a372 p.$d26 cm 225 1 $aStudi e materiali del Museo dell'Impero romano$v4 324 $aRistampato dal Bollettino della Commissione archeologica comunale. Volumi LXIV. (1936)-LXVI. (1938). Aggiunti gli indici analitici pubblicato nel 1947. 610 0 $aBolli laterizi$aRoma antica 610 0 $aEdilizia$aRoma antica 610 0 $aEpigrafia latina 676 $a721.0441$v19$zita 700 1$aBloch,$bHerbert$f<1911-2006>$0163869 801 0$aIT$bUNINA$gRICA$2UNIMARC 901 $aBK 912 $a990006064300403321 952 $a722.7 BLOH 01$bANT. G.R. 81$fFLFBC 952 $aXXI A 705$b5702*$fFGBC 959 $aFLFBC 959 $aFGBC 996 $aBolli laterizi e la storia edilizia romana$9578162 997 $aUNINA